Wszystkie miasta, do których lata LOT - Statystyki

Ogólne statystyki
  • Ten quiz został rozwiązany 4 571 razy
  • Średni wynik to 66 z 95
Statystyki odpowiedzi
Kraj Miasto % Poprawnych
Francja Paryż
94%
Austria Wiedeń
93%
Łotwa Ryga
92%
Albania Tirana
92%
Niemcy Berlin
91%
Grecja Ateny
90%
Belgia Bruksela
90%
Czechy Praga
90%
Estonia Tallinn
90%
Polska Gdańsk
89%
Luksemburg Luksemburg
89%
Hiszpania Madryt
89%
Hiszpania Barcelona
88%
Dania Kopenhaga
88%
Polska Kraków
88%
Stany Zjednoczone Nowy Jork
88%
Holandia Amsterdam
87%
Norwegia Oslo
87%
Chiny Pekin
87%
Chorwacja Zagrzeb
87%
Bułgaria Sofia
86%
Polska Warszawa
86%
Polska Wrocław
86%
Ukraina Kijów
85%
Japonia Tokio
85%
Portugalia Lizbona
84%
Malta Valletta
84%
Litwa Wilno
84%
Rumunia Bukareszt
83%
Egipt Kair
83%
Polska Katowice
83%
Niemcy Monachium
83%
Włochy Rzym
83%
Polska Szczecin
83%
Szwecja Sztokholm
83%
Węgry Budapeszt
82%
Polska Poznań
82%
Islandia Reykjavik
82%
Wielka Brytania Londyn
81%
Korea Południowa Seul
81%
Słowenia Lublana
80%
Stany Zjednoczone Los Angeles
78%
Polska Rzeszów
78%
Mołdawia Kiszyniów
77%
Włochy Mediolan
76%
Indie Nowe Delhi
76%
Bośnia i Hercegowina Sarajewo
76%
Turcja Stambuł
76%
Polska Lublin
75%
Ukraina Lwów
75%
Azerbejdżan Baku
74%
Zjednoczone Emiraty Arabskie Dubaj
74%
Niemcy Hamburg
74%
Macedonia Północna Skopje
74%
Serbia Belgrad
73%
Niemcy Frankfurt
72%
Francja Lyon
72%
Stany Zjednoczone Chicago
68%
Arabia Saudyjska Rijad
68%
Polska Bydgoszcz
67%
Kanada Toronto
67%
Grecja Saloniki
66%
Szwajcaria Zurych
66%
Czarnogóra Podgorica
65%
Izrael Tel Awiw-Jafa
64%
Kazachstan Astana
62%
Armenia Erywań
61%
Polska Olsztyn
61%
Stany Zjednoczone Miami
60%
Gruzja Tbilisi
60%
Polska Zielona Góra
60%
Chorwacja Split
59%
Ukraina Charków
55%
Indie Mumbaj
54%
Włochy Turyn
53%
Francja Nicea
52%
Ukraina Odessa
52%
Włochy Wenecja
52%
Liban Bejrut
50%
Szwajcaria Genewa
48%
Czechy Ostrawa
47%
Chorwacja Dubrownik
45%
Słowacja Koszyce
44%
Austria Innsbruck
40%
Szwecja Goteborg
39%
Rumunia Kluż-Napoka
36%
Niemcy Dusseldorf
35%
Niemcy Stuttgart
34%
Uzbekistan Taszkent
34%
Cypr Larnaka
26%
Ukraina Zaporoże
16%
Dania Billund
15%
Hiszpania Santa Cruz (Teneryfa)
15%
Stany Zjednoczone Newark
12%
Rumunia Oradea
7%
Nie znaleziono quizów pasujących do podanych kryteriów
Rozkład punktacji
Procent ludzi z każdym wynikiem
Percentyl według liczby udzielonych odpowiedzi
Twoja historia wyników
Nie rozwiązałeś tego quizu